000 00776nam a22002295c 4500
001 191488
003 ES-MaACL
005 20230906224028.0
008 220926s1999 sp s001 0 spa
016 7 _abimoBNE20000163178 [
_2SpMaBN]
017 _aM 40114-1999
_bOficina Depósito Legal Madrid
020 _a84-340-1141-7
080 _a025.31
245 0 0 _aReglas de catalogación.
250 _aEd. nuevamente rev.
260 _aMadrid :
_bMinisterio de Educación y Cultura, Centro de Publicaciones :
_bBoletín Oficial del Estado,
_c1999.
300 _aXXVI, 626 p. ;
_c28 cm.
500 _aÍndice.
650 4 _aCatalogación bibliográfica-
_xNormas.
_910839
710 1 _aEspaña.
_bMinisterio de Educación y Cultura.
_93865
852 4 _aES-MaACL
_j025.31 REG
999 _c191488
_d191488